| 000 | 00354nam a2200145Ia 4500 | ||
|---|---|---|---|
| 008 | 230917s9999||||xx |||||||||||||| ||und|| | ||
| 040 |
_e137809 _aMAIN |
||
| 041 | _aEnglish | ||
| 082 | _a658.8 IC2F | ||
| 100 | _aICFAI | ||
| 245 | 0 | _aFundamentals of marketing mangement workbook | |
| 260 |
_aHyderabad _bICFAI _c2004 |
||
| 300 | _a92p p. | ||
| 942 | _cBK | ||
| 999 |
_c147889 _d147889 |
||